[Event "Bucharest Revolution Memorial"]
[Site "Bucharest"]
[Date "2003.12.??"]
[Round "?"]
[White "Ciobanu, Viorel Adrian"]
[Black "Bobu, Adrian"]
[Result "1-0"]
[WhiteElo "2261"]
[BlackElo "2158"]
[PlyCount "79"]
[EventDate "2003.12.??"]
[EventType "swiss"]
[EventRounds "7"]
[EventCountry "ROU"]
[SourceTitle "EXT 2008"]
[Source "ChessBase"]
[SourceDate "2007.11.25"]
[SourceVersion "1"]
[SourceVersionDate "2007.11.25"]
[SourceQuality "1"]

1. e4 c5 2. Nf3 Nc6 3. d4 cxd4 4. Nxd4 d6 5. c4 Nf6 6. Nc3 g6 7. f3 Bg7 8. Be3 0-0 9. Qd2 Bd7 10. Nc2 Qa5 11. Bh6 Nb4 12. Bxg7 Nxc2+ 13. Qxc2 Kxg7 14. Qd2 Rac8 15. Bd3 Be6 16. b3 a6 17. Rc1 b5 18. Nd5 Qxd2+ 19. Kxd2 Bxd5 20. cxd5 Nd7 21. b4 Nb6 22. Ke3 g5 23. g3 Kf6 24. f4 gxf4+ 25. gxf4 Rg8 26. Kd4 e5+ 27. fxe5+ dxe5+ 28. Ke3 Ke7 29. Rc5 Na4 30. Rhc1 Nxc5 31. bxc5 Rgd8 32. Bf1 f5 33. Bh3 f4+ 34. Kf3 Ra8 35. d6+ Kf6 36. Rd1 Kf7 37. c6 Ke8 38. d7+ Ke7 39. c7 b4 40. c8Q 1-0

[Event "Revelion op"]
[Site "Romania"]
[Date "1999.??.??"]
[Round "?"]
[White "Biro, Andrei Paul"]
[Black "Bobu, Adrian"]
[Result "1/2-1/2"]
[WhiteElo "2105"]
[BlackElo "2210"]
[PlyCount "45"]
[EventDate "1999.??.??"]
[EventType "swiss"]
[EventRounds "7"]
[EventCountry "ROU"]
[SourceTitle "EXT 2004"]
[Source "ChessBase"]
[SourceDate "2003.11.25"]
[SourceVersion "1"]
[SourceVersionDate "2003.11.25"]
[SourceQuality "1"]

1. e4 c5 2. Nf3 d6 3. d4 cxd4 4. Nxd4 Nc6 5. Nc3 g6 6. Be2 Bg7 7. Be3 Nf6 8. 0-0 0-0 9. h3 Bd7 10. Qd2 Re8 11. f4 a6 12. Bf3 Rc8 13. f5 Ne5 14. fxg6 hxg6 15. Be2 Qa5 16. Rac1 Nc4 17. Bxc4 Rxc4 18. Qf2 Rf8 19. Qh4 Qh5 20. Qe1 Qe5 21. Nf3 Qa5 22. Nd2 Rcc8 23. Nb3 1/2-1/2

[Event "Bucharest-B"]
[Site "Bucharest"]
[Date "1994.??.??"]
[Round "?"]
[White "Moldovan, Daniel"]
[Black "Bobu, Adrian"]
[Result "1-0"]
[WhiteElo "2405"]
[BlackElo "2335"]
[PlyCount "57"]
[EventDate "1994.??.??"]
[EventType "tourn"]
[EventRounds "15"]
[EventCountry "ROU"]
[EventCategory "4"]
[SourceTitle "EXT 1997"]
[Source "ChessBase"]
[SourceDate "1996.11.15"]
[SourceVersion "1"]
[SourceVersionDate "1996.11.15"]
[SourceQuality "1"]

1. e4 c5 2. Nc3 Nc6 3. Nge2 d6 4. d4 cxd4 5. Nxd4 a6 6. Be3 Nf6 7. Be2 e6 8. f4 Be7 9. Qd2 Qc7 10. 0-0-0 Bd7 11. g4 Nxd4 12. Bxd4 Bc6 13. Bf3 0-0-0 14. g5 Ne8 15. Qf2 d5 16. exd5 Bd7 17. Kb1 Qxf4 18. dxe6 Bc6 19. Bxc6 Qxf2 20. Bd7+ Kb8 21. Bxf2 fxe6 22. Bxe6 Rxd1+ 23. Rxd1 Bxg5 24. Bg3+ Ka8 25. Ne4 Bf6 26. Rd7 Rf8 27. Rf7 Be7 28. Rxf8 Bxf8 29. Bd7 1-0